| 000 | 01190nam a22002417a 4500 | ||
|---|---|---|---|
| 999 |
_c58376 _d58376 |
||
| 003 | Ge_BSU | ||
| 005 | 20211223115436.0 | ||
| 008 | 211222s2021 ge ||||| |||| 00| 0 geo d | ||
| 020 | _a9789941495229 | ||
| 041 | _ageo | ||
| 080 | _a336.22(479.22) ბ-25 | ||
| 100 |
_a ბარათაშვილი, ნაზი _913343 |
||
| 245 |
_aსაგადასახადო სისტემის როლი ქვეყნის ეკონომიკის მდგრადი განვითარების უზრუნველყოფაში _c ნაზი ბარათაშვილი; რედ. ნიკოლოზ ჩიხლაძე. |
||
| 264 |
_aქუთაისი, _c2021. |
||
| 300 |
_a156 გვ.: _bილ., _c20 სმ. |
||
| 504 | _aბიბლიოგრ. გვ. 139-149 | ||
| 520 | _aრეზიუმე გვ. 150-154 | ||
| 653 | _a საგასახადო სისტემა საქართველოში | ||
| 653 | _aეკონომიკა | ||
| 700 |
_aჩიხლაძე, ნიკოლოზ _eრედაქტორი _9107 |
||
| 773 | _tნაჩუქარი | ||
| 942 |
_2udc _cBK |
||